Crash and burn (Record no. 80958)

MARC details
000 -LEADER
fixed length control field 01063cab a22002055a 4500
001 - CONTROL NUMBER
control field L145876
008 - FIXED-LENGTH DATA ELEMENTS--GENERAL INFORMATION
fixed length control field 081119e20081115xxkad f s 000 0 eng d
035 ## - SYSTEM CONTROL NUMBER
System control number (Sirsi) u145876
041 0# - LANGUAGE CODE
Language code of text/sound track or separate title eng
100 1# - MAIN ENTRY--PERSONAL NAME
Personal name Phillips, Mike
245 00 - TITLE STATEMENT
Title Crash and burn
260 ## - PUBLICATION, DISTRIBUTION, ETC.
Date of publication, distribution, etc. 2008
490 ## - SERIES STATEMENT
Series statement Estates Gazette
Volume/sequential designation (0845) 15 November 2008, 44-49(5)
520 ## - SUMMARY, ETC.
Summary, etc. Annual survey by Estates Gazette and Property Funds Research explores the losses in property funds over the last twelve months and looks at which funds have best managed to avoid the turmoil of the current economic climate. Features detailed tables and statistics on: top fund managers by value of assets under management; top fund managers by value of their indirect vehicles; top fund managers by value of their discretionary mandates; top vehicles by gross asset value and vehicles launched over the past twelve months.
590 ## - LOCAL NOTE (RLIN)
Local note KA
651 #4 - SUBJECT ADDED ENTRY--GEOGRAPHIC NAME
Geographic name United Kingdom
Chronological subdivision
690 ## - LOCAL SUBJECT ADDED ENTRY--TOPICAL TERM (OCLC, RLIN)
Topical term or geographic name as entry element PROPERTY-INFRASTRUCTURE-INFRASTRUCTURE FINANCE AND INVESTMENT
710 ## - ADDED ENTRY--CORPORATE NAME
Corporate name or jurisdiction name as entry element Property Funds Research
9 (RLIN) 5655
942 ## - ADDED ENTRY ELEMENTS (KOHA)
Suppress in OPAC 0
Holdings
Withdrawn status Lost status Source of classification or shelving scheme Damaged status Not for loan Home library Current library Shelving location Date acquired Total Checkouts Full call number Barcode Date last seen Copy number Price effective from Koha item type
    Dewey Decimal Classification     London London Journal article 19/11/2008   L145876 145876-1001 06/08/2019 1 06/08/2019 Journal article